000 00800aam a2200277 i 4500
001 768714001
003 CO-MdFUSB
005 20251021162017.0
007 ta
008 251021t1938 -us |||| |||| 00| 0 spa d
040 _cCO-MdFUSB
041 0 _aspa
082 0 4 _223
_a252
_bG6621g
100 1 _aGordon, A. J. (Adoniram Judson)
_eautor
245 1 0 _aGracia y gloria
_b: sermones para la vida que ahora es y aquella que se ha de venir
_c/ A. J. Gordon
264 1 _bCasa Bautista de Publicaciones,
_aEL Paso, TX., USA :
_c[1938]
264 4 _c©1938
300 _a269 páginas
336 _atexto
_btxt
_2rdacontent
337 _2rdamedia
_asin mediación
_bn
338 _2rdacarrier
_avolumen
_bnc
563 _aPasta dura
650 7 _aSermones
_9283
942 _cBK
945 _aJTF-925
999 _c38539
_d38539